000
00284nam a22001337a 4500
008
181015b xxu||||| |||| 00| 0 eng d
020
_a
9781933107653
041
_a
eng
080
_a
612 39
100
_a
10
101
_a
Nut
245
_a
Nutrition
_c
Lawier.k.m
942
_2
udc
_c
BK
999
_c
49798
_d
49798